Cities Chain - World (Extreme) - Statistics

General Stats
  • This quiz has been taken 78 times
  • The average score is 23 of 32
Answer Stats
Country City % Correct
Turkey (starts with A) Ankara
99%
Australia Adelaide
92%
Japan Osaka
89%
Canada Edmonton
88%
Kenya Nairobi
88%
United States of America Atlanta
86%
Ukraine Kiev
85%
United Arab Emirates Abu Dhabi
82%
Turkey Istanbul
82%
Bahamas Nassau
82%
Dominican Republic Santo Domingo
82%
Pakistan Karachi
81%
Spain Valencia
81%
Paraguay Asuncion
79%
Kazakhstan Astana
78%
United Kingdom Edinburgh
75%
Austria Innsbruck
75%
United States of America Houston
71%
Togo Lome
71%
United States of America Orlando
71%
United States of America Indianapolis
69%
China Guangzhou
65%
Poland Gdansk
64%
Poland Katowice
64%
United States of America El Paso
61%
Russia Yekaterinburg
58%
China Urumqi
54%
Nigeria Ibadan
53%
United States of America Oklahoma City
47%
China Nanning
44%
Argentina Ushuaia
29%
United States of America Norfolk
25%
No matching quizzes found
Score Distribution
Percent of People with Each Score
Percentile by Number Answered
Your Score History
You have not taken this quiz